Statistics for MM Food Tracklist (MF DOOM)

Click here to take the quiz!

General Stats

  • This quiz has been taken 90 times
  • The average score is 10 of 15

Answer Stats

HintAnswer% Correct
4One Beer
91%
1Beef Rap
82%
13Rapp Snitch Knishes feat. Mr Fantastik
82%
2Hoe Cakes
79%
15Kookies
78%
12Kon Queso
76%
3Pot Holderz feat. Count Bass D
75%
10Kon Karne
74%
14Vomitspit
72%
5Deep Fried Frenz
64%
8Gumbo
63%
6Poo-Putt Platter
51%
9Fig Leaf Bi-Carbonate
50%
11Guinnesses feat. Angelika & 4size
50%
7Fillet-O-Rapper
37%

Score Distribution

Percentile by Number Answered

Percent of People with Each Score

Your Score History

You have not taken this quiz